| 000 | 01147cam a2200289 a 4500 | ||
|---|---|---|---|
| 001 | 3888062 | ||
| 005 | 20130123123004.0 | ||
| 008 | 901024m19919999okua b 001 0 eng | ||
| 010 | _a 90022260 | ||
| 020 | _a0878143432 (v. 1) | ||
| 020 | _a0878143548 (v. 2) | ||
| 082 | 0 | 0 |
_a665.53 _222 _bMAN |
| 100 | 1 |
_aManning, Francis S. _931286 |
|
| 245 | 1 | 0 |
_aOilfield Processing of Petroleum / _cFrancis S. Manning and Richard E. Thompson ; with contributions by William P. Manning and Paul Buthod. |
| 246 | 3 | _aOilfield processing | |
| 260 |
_aTulsa, Okla. : _bPennWell Books, _cc1991-<c1995 > |
||
| 300 |
_av. <1-2 > : _bill. ; _c28-29 cm. |
||
| 500 | _aVol. 2 has collective title: Oilfield processing. | ||
| 500 | _aContributing authors vary. | ||
| 504 | _aIncludes bibliographical references and indexes. | ||
| 505 | 1 | _av. 1. Natural gas -- v. 2. Crude oil | |
| 650 | 0 |
_aPetroleum _xRefining. _931287 |
|
| 653 |
_bpet _cNovember2012 |
||
| 700 | 1 |
_aThompson, Richard E., _cPh.D. _931288 |
|
| 942 |
_2ddc _cBB |
||
| 999 |
_c17088 _d17060 |
||